|
|
|
|
| LEADER |
00000nab a2200000 a 4500 |
| 001 |
vtls001514441 |
| 003 |
SK-MaSNL |
| 005 |
20260426063535.0 |
| 008 |
140302s2004 xo 000 0 slo |
| 035 |
|
|
|a SPKCL16768
|
| 040 |
|
|
|a SPKCL
|b slo
|c SNKBUCL
|d SPK(MH)
|e AACR2
|
| 041 |
|
|
|a slo
|
| 044 |
|
|
|a xo
|c SK
|
| 080 |
|
|
|a 376.5:364.044.26
|2 1981
|
| 100 |
1 |
|
|a Bogdan, Ivan,
|d 1942-
|4 aut
|9 5102
|
| 245 |
1 |
0 |
|a Na ceste k srdciam detí
|c Ivan Bogdan
|
| 520 |
|
|
|a Diagnostické centrum pre deti v Bratislave - Trnávke. Zaradenie komunity ako terapie do režimu života zariadenia pred 20 rokmi. Náplň komunít, niektoré zážitky, ich prínos.
|
| 650 |
0 |
7 |
|a skupinová psychoterapia
|2 SNKPH
|9 71817
|
| 650 |
0 |
7 |
|a diagnostické ústavy
|2 SNK
|9 1286824
|
| 650 |
0 |
7 |
|a protispoločenské správanie
|2 SNKPH
|9 49936
|
| 650 |
0 |
7 |
|a spoločenstvá
|2 SNK
|9 503323
|
| 651 |
|
7 |
|a Bratislava (Slovensko)
|2 SNKPHgeo
|9 14568
|
| 773 |
1 |
|
|t Učiteľské noviny
|g Roč. 54, č. 31 (2004), s. 6
|
| 850 |
|
|
|a Slovenská pedagogická knižnica Bratislava
|
| 852 |
|
|
|a SPKCL
|b KIS3GCP
|b 000710000
|n SK
|
| 999 |
|
|
|c 2557166
|d 2559096
|